000 00673nam a22002417a 4500
003 UA-OsUOA
001 49340
007 ta
008 20071002b un ||||| |||| 00| 0 ukr d
100 _aКупреянова Е.
700 _aМакогоненко Г.
090 _a82.09
_bК92
942 _cBK
040 _aUA-OsUOA
_brus
_cUA-OsUOA
_dUA-OsUOA
245 _aНациональное своеобразие русской литературы
300 _a413 с.
955 _a1
041 _arus
080 _a82.09
260 _aМ.
_bНаука
_c1976
650 7 _a82 Література. Літературознавство
_2UDC
999 _c335443
_d335443